LEADER 01031nam0 2200277 450 001 000012685 005 20080611110019.0 010 $a88-7153-244-9 100 $a20080611d1990----km-y0itay50------ba 101 0 $aita 102 $aIT 105 $ay-------001yy 200 1 $a<>ricerca e sviluppo nei principali paesi industrializzati$fAiri, Associazione italiana per la ricerca industriale$ga cura di Anna Cucuglielli 210 $aRoma$cSIPI$dstampa 1990 215 $a141 p.$d24 cm 300 $aSeguono allegati. 610 1 $aProgresso tecnico e sviluppo economico$aPaesi industrializzati 610 1 $aRicerca scientifica$aPaesi industrializzati 676 $a507.2$v20$9Scienze pure. Ricerca 702 1$aCucuglielli,$bAnna 710 02$aAssociazione italiana per la ricerca industriale$0631439 801 0$aIT$bUNIPARTHENOPE$c20080611$gRICA$2UNIMARC 912 $a000012685 951 $a641/16$b10 LV CNR$cNAVA2 996 $aRicerca e sviluppo nei principali paesi industrializzati$91202955 997 $aUNIPARTHENOPE LEADER 01102nam0 22002771i 450 001 UON00467216 005 20231205105149.81 100 $a20160504d1975 |0itac50 ba 101 $aita 102 $aIT 105 $a|||| ||||| 200 1 $a"Officina"$eCultura, letteratura e politica negli anni cinquanta$fGian Carlo Ferretti 205 $aTorino : Einaudi$b1975 210 $a496 p.$a22 cm 215 $a Contiene saggio introduttivo, antologia della rivista, testi inediti e apparati. 316 $aVALORE STIMATO$5IT-UONSI Francese59 SAGFER 410 1$1001UON00300610$12001 $aSaggi$1210 $aTorino$cEinaudi$v548 620 $aIT$dTorino$3UONL000014 700 1$aFerretti$bGian Carlo$3UONV117407$0125857 712 $aEinaudi$3UONV246211$4650 801 $aIT$bSOL$c20250307$gRICA 899 $aSIBA - SISTEMA BIBLIOTECARIO DI ATENEO$2UONSI 912 $aUON00467216 950 $aSIBA - SISTEMA BIBLIOTECARIO DI ATENEO$dSI 59 SAG FER $eSI PO 1171 7 VALORE STIMATO 996 $aOfficina$9867303 997 $aUNIOR